Dictionary of spiritualism / (Record no. 65380)

MARC details
000 -LEADER
fixed length control field 00548nam a22001457a 4500
005 - DATE AND TIME OF LATEST TRANSACTION
control field 20120420150325.0
020 ## - INTERNATIONAL STANDARD BOOK NUMBER
International Standard Book Number 8175101652
Terms of availability 195.00
035 ## - SYSTEM CONTROL NUMBER
System control number B-98339
037 ## - SOURCE OF ACQUISITION
Stock number DPL
Source of stock number/acquisition ENG
245 ## - TITLE STATEMENT
Title Dictionary of spiritualism /
Statement of responsibility, etc Comp. and edited by Surendra P. Singh and Neelam Singh
260 ## - PUBLICATION, DISTRIBUTION, ETC. (IMPRINT)
Place of publication, distribution, etc New Delhi
Name of publisher, distributor, etc Reliance Publishing House
Date of publication, distribution, etc 2003
300 ## - PHYSICAL DESCRIPTION
Extent 181p.
Dimensions 20 cms.
942 ## - ADDED ENTRY ELEMENTS (KOHA)
Source of classification or shelving scheme Dewey Decimal Classification
Item type English Books
Classification part 230.303
Call number suffix DIC
Holdings
Withdrawn status Lost status Not for loan Collection code Home library Current library Date acquired Cost, normal purchase price Full call number Barcode Cost, replacement price Koha item type
      Non-fiction Sarojini Nagar Sarojini Nagar 20/04/2012 195.00 230.303 DIC B-98339 195.00 English Books

© Delhi Public Library
Hit Counter
free hit counter